000 00473nam a2200181Ia 4500
008 191130s1934##################000#0#eng##
020 _a9780007299782
040 _aACL
_cACL
082 _a823.912 CHR
100 _aChristie, Agatha
245 _aWhy didn't they ask Evans?
_cAgatha Christie
260 _aLondon
_bHarper
_c1934
300 _a361 p.
650 _aEnglish Fiction
990 _af34c3759ac10000c0227595c537de88c
991 _a380770
999 _c412653
_d412653